1090 1203 1382 1643 1455 1369 1335 1160 1834 1758 1223 1848 1155 1836 1528 1662 1210 1580 1566 1042 1205 1504 1743 1378 1839 1038 1486 1276 1671 1435 1508 1819 1962 1312 1621 1548 1765 1367 1717 1084 1882 1618 1008 1008 1006 1879 1540 1234 1094 1028 1900 1542 1629 1173 1654 1902 1380 1903 1414 1067 1355 1937 1643 1397 1717 1453 1002 1282 1903 1978 1712 1091 1399 1481 1905 1233 1494 1154 1340 1874 1978 1674 1320 1612 1410 1780 1469 1214 1864 1680 1243 1027 1083 1874 1734 1480 1073 1692 1108 BCNSPRNW ULIB Ver.6.0+V

เปลี่ยนเป็นภาษาไทย

Change to English
 แสดงรายละเอียดบรรณานุกรม
  กลับหน้าหลัก

Brief Record : Get Marc (ISO 2709) : E-mail record : QR code < ปิดหน้าต่าง
LEADER : 00000nam 2200000uu 4500
001    13399111674
003     ULIB
008    110704s2553||||th 000 0 tha d
020    9786169020059
050  4 BQ4570^bว111ค 2553
100 0  ว.วชิรเมธี
245 10 คิดถูก โปร่งใส ใจสูง /^cว.วชิรเมธี
250    พิมพ์ครั้งที่ 1
260    กรุงเทพฯ :^bปราณ พับลิชชิ่ง,^c2553
300    146 หน้า :^bภาพประกอบ ;^c18 ซม.
650  4 ธรรมะกับชีวิตประจำวัน
650  4 การดำเนินชีวิต
945    ^p100^l0^i028422
945    ^p100^l0^i028421
995    ทศพร
999 ^a ใช้งานได้ทุกระบบ
รายการนี้ยังไม่มีแท็ก
คุณยังไม่ได้ล็อกอิน คุณสามารถมีกิจกรรมร่วมกับเว็บไซต์ได้ แต่ต้องล็อกอินก่อน ::
  ล็อกอิน

รายการสื่อสารสนเทศ

ลำดับที่ ประเภท เลขเรียก/บาร์โค้ด สถานที่ สถานะ
- ไม่พบข้อมูล -

รายการใกล้เคียง
    ผู้แต่ง [ว.วชิรเมธี]

    หัวเรื่อง [ธรรมะกับชีวิตประจำวัน]
    หัวเรื่อง [การดำเนินชีวิต]

BibComment


ยังไม่เคยถูกคอมเมนท์

คอมเมนท์ทรัพยากรรายการนี้
  คอมเมนท์: คิดถูก โปร่งใส ใจ..


 Copyright 2026. Bcnsprnw @Library